Curso de administración moderna (Registro nro. 2278)
[ vista simple ]
| 000 -LEADER | |
|---|---|
| fixed length control field | 02220 a2200253 4500 |
| 001 - CONTROL NUMBER | |
| control field | 32453 |
| 005 - DATE AND TIME OF LATEST TRANSACTION | |
| control field | 20260407155623.0 |
| 008 - FIXED-LENGTH DATA ELEMENTS--GENERAL INFORMATION | |
| fixed length control field | 260407a1984 arg spa d |
| 003 - CONTROL NUMBER IDENTIFIER | |
| control field | AR-UNSa-BCEJYS |
| 040 ## - CATALOGING SOURCE | |
| Original cataloging agency | AR-UNSa-BCEJYS |
| Language of cataloging | spa |
| Transcribing agency | AR-UNSa-BCEJYS |
| 080 ## - UNIVERSAL DECIMAL CLASSIFICATION NUMBER | |
| Universal Decimal Classification number | 658 |
| Common auxiliary subdivision | Administración de empresas. Organización comercial |
| 100 1# - MAIN ENTRY--PERSONAL NAME | |
| Personal name | Koontz, Harold |
| 245 10 - TITLE STATEMENT | |
| Title | Curso de administración moderna |
| Name of part/section of a work | un análisis de las funciones de la administración |
| 250 ## - EDITION STATEMENT | |
| Edition statement | 8a. ed |
| 264 #1 - PRODUCTION, PUBLICATION, DISTRIBUTION, MANUFACTURE, AND COPYRIGHT NOTICE | |
| Place of production, publication, distribution, manufacture | México : |
| Name of producer, publisher, distributor, manufacturer | Libros McGraw-Hill |
| Date of production, publication, distribution, manufacture, or copyright notice | 1984 |
| 300 ## - PHYSICAL DESCRIPTION | |
| Extent | 750 p. |
| Dimensions | 23 cm. |
| 505 ## - FORMATTED CONTENTS NOTE | |
| Formatted contents note | I. Los fundamentos de la teoria y de la ciencia de la administración: 1. Administración: Teoría, ciencia y práctica - 2. Evolución del pensamiento administrativo - 3. Enfoques del análisis administrativo - 4. El ambiente administrativo extremo: nacional e internacional - II. Planeación: 5. Natraleza y propósito de la planeación - 6. Objetivos - 7. Estrategias y políticas - 8. Formulación de premisas: Etapa esencial en la planeación - 9. Toma de decisiones - 10. Forma de lograr una planeación efectiva - III. Organización: 11. Naturaleza y propósito de la organización - 12. Departamentalización básica - 13. Relaciones de autoridad del personal de línea y el de staff - 14. Descentralización de la autoridad - 15. Comités y grupos en la toma de decisiones - 16. Forma de lograr una organización efectiva - IV: Integración de personal: 17. Naturaleza e integración del personal - 18. Sección: Encontrar la persona idónea para el puesto - 19. Evaluación de administradores - 20. Desarrollo dela organización y de los administradores - V: Dirección: 21. La adminstración y el factor humano - 22. Motivación - 23. Liderazgo - 24. Comunicación - VI: Control : 25. Sistema y proceso de control - 26. Técnicas de control - 27. Planeación y control de la administración de la producción y de las operaciones - 28. Control del desempeño general - 29. Control indirecto: Manera de asegurar una administración efectiva. |
| 590 ## - LOCAL NOTE (RLIN) | |
| Local note | niveau_biblio:m niveau_hierar:0 |
| 700 1# - ADDED ENTRY--PERSONAL NAME | |
| Personal name | O' Donnell, Cyril |
| 700 1# - ADDED ENTRY--PERSONAL NAME | |
| Personal name | Jaled de Allud, Sauri |
| 700 1# - ADDED ENTRY--PERSONAL NAME | |
| Personal name | Weihrich, Heinz |
| 700 1# - ADDED ENTRY--PERSONAL NAME | |
| Personal name | Díaz Mata, Alfredo |
| 942 ## - ADDED ENTRY ELEMENTS (KOHA) | |
| Koha item type | |
| Withdrawn status | Lost status | Damaged status | Not for loan | Home library | Current library | Shelving location | Date acquired | Total checkouts | Full call number | Barcode | Date last seen | Price effective from | Koha item type |
|---|---|---|---|---|---|---|---|---|---|---|---|---|---|
| Biblioteca Prof. Eusebio Cleto del Rey | Biblioteca Prof. Eusebio Cleto del Rey | 07/04/2026 | 658 K75 8ed. | L44114 | 07/04/2026 | 07/04/2026 | Libro | ||||||
| Biblioteca Prof. Eusebio Cleto del Rey | Biblioteca Prof. Eusebio Cleto del Rey | 07/04/2026 | 658 K75 8ed. | L44116 | 07/04/2026 | 07/04/2026 | Libro |